Bienvenue au Catalogue en Ligne des Bibliothèques de l'Universite du Burundi

Fiscalité agricole et viticole approfondie (Record no. 44982)

000 -GUIDE
Champ de contrôle de longueur fixe 00677nam a22002297a 4500
003 - IDENTITÉ DU NUMÉRO DE CONTRÔLE
Champ de contrôle BI-BuBU
008 - ÉLÉMENTS DE LONGUEUR FIXE - RENSEIGNEMENTS GÉNÉRAUX
Champ de contrôle de longueur fixe 210621b2008 fr||||fr|||| 00| 0 fre d
020 ## - INTERNATIONAL STANDARD BOOK NUMBER
ISBN 978-2-7110-0937-4
037 ## - SOURCE D'ACQUISITION
Numéro d'inventaire don
Source d'acquisition et du numéro d'inventaire 208200
039 ## - NIVEAU DE CONTRÔLE BIBLIOGRAPHIQUE ET HISTORIQUE D'ENCODAGE [OBSOLETE]
Date creation 20210621110423.0
Nom catalographe Primitive Nibigira
040 ## - SOURCE DU CATALOGAGE
Organisme qui a effectué le catalogage original BI-BuBU
Code de la langue utilisée dans le catalogage fre
Organisme qui a effectué la transcription BI-BuBU
Organisme qui a effectué la modification BI-BuBU
080 ## - INDICE DE LA CLASSIFICATION DÉCIMALE UNIVERSELLE (CDU)
Indice de la Classification décimale universelle 336.2.
100 1# - VEDETTE PRINCIPALE - NOM DE PERSONNE
Code de relation aut.
Nom de personne Madignier, Michel-Pierre
245 0# - MENTION DU TITRE
Titre Fiscalité agricole et viticole approfondie
Mention de responsabilité, etc. Michel-Pierre Madignier
260 ## - PUBLICATION, DIFFUSION, ETC. (ADRESSE BIBLIOGRAPHIQUE)
Lieu de publication, diffusion, etc. Paris
Nom de l'éditeur, diffuseur, etc. Litec
Date of publication, distribution, etc 2008
300 ## - DESCRIPTION MATÉRIELLE
Collation XIV-687p.
Autres caractéristiques matérielles couv.en coul.
Dimensions 24 cm
650 #7 - VEDETTE-MATIÈRE - NOM COMMUN
Vedette de sujet ou vedette comportant un nom géographique Fiscalité agricole
650 #7 - VEDETTE-MATIÈRE - NOM COMMUN
Vedette de sujet ou vedette comportant un nom géographique Fiscalité viticole
655 ## - TERME D'INDEXATION - GENRE OU FORME
Source du terme BI-BuBU
942 ## - ÉLÉMENTS D'ENTRÉE ADDITIONNELLE (KOHA)
Source de la classification ou du système de rangement
Type d item koha BOOK
Holdings
Statut de retrait Statut de perte Source de la classification ou du système de rangement Statut de déterioration Exclu du prêt Numéro d item Koha Localisation permanente Localisation actuelle Date d'acquisition Source d'acquisition Coût, prix d’achat normal Nombre de prêts Cote Code-barres Date last seen Numéro d'exemplaire Prix en vigueur à partir du Type d item koha Numero d'inventaire
          72653 Bibliothèque du Campus Zege Bibliothèque du Campus Zege 21/06/2021 don 59.00   336.2.MAD.EX.1 5010000506971 21/06/2021 1 21/06/2021 BOOK 208200
          72654 Bibliothèque du Campus Zege Bibliothèque du Campus Zege 21/06/2021 don 59.00   336.2.MAD.EX2 5010000506988 21/06/2021 2 21/06/2021 BOOK 208201
          72657 Bibliothèque du Campus Zege Bibliothèque du Campus Zege 22/06/2021 don 59.00   336.2.MAD.EX.3 5010000506995 22/06/2021 3 22/06/2021 BOOK 208202
© 2019-2026 - Bibliothèques de l'Université du Burundi |Tous droits réservés
home | Pour toute information urgente Contactez nous | tel whatsupp: +25779204313